La venganza en el mercado / (Registro nro. 4068)

Detalles MARC
000 -LEADER
fixed length control field 01092nam a2200265Ia 4500
008 - FIXED-LENGTH DATA ELEMENTS--GENERAL INFORMATION
fixed length control field 191128s9999 xx 000 0 und d
020 ## - INTERNATIONAL STANDARD BOOK NUMBER
International Standard Book Number 9681658000
082 ## - DEWEY DECIMAL CLASSIFICATION NUMBER
Classification number C
082 ## - DEWEY DECIMAL CLASSIFICATION NUMBER
Item number MONv
100 ## - MAIN ENTRY--PERSONAL NAME
Personal name Montes, Graciela, autora
245 #0 - TITLE STATEMENT
Title La venganza en el mercado /
245 #0 - TITLE STATEMENT
Statement of responsibility, etc. Graciela Montes ; ilustraciones Claudia Legnazzi
250 ## - EDITION STATEMENT
Edition statement Primera edición
260 ## - PUBLICATION, DISTRIBUTION, ETC.
Place of publication, distribution, etc. México
260 ## - PUBLICATION, DISTRIBUTION, ETC.
Name of publisher, distributor, etc. Fondo de Cultura Económica
260 ## - PUBLICATION, DISTRIBUTION, ETC.
Date of publication, distribution, etc. 1999
300 ## - PHYSICAL DESCRIPTION
Extent [28] páginas sin numerar
300 ## - PHYSICAL DESCRIPTION
Other physical details ilustraciones en blanco y negro
300 ## - PHYSICAL DESCRIPTION
Dimensions 19 cm
440 ## - SERIES STATEMENT/ADDED ENTRY--TITLE
Title A la orilla del viento ; 109
520 ## - SUMMARY, ETC.
Summary, etc. Cuando Ema oyó a su mamá llamarla "Emita", supo que le pediría que fuera a comprar algo. Al llegar al mercado Ema se alegró, pues vio que sólo había dos personas antes que ella. No contaba con los abusivos de siempre, que no esperan su turno.
546 ## - LANGUAGE NOTE
Language note spa
650 ## - SUBJECT ADDED ENTRY--TOPICAL TERM
Topical term or geographic name entry element Cuentos infantiles argentinos -- Siglo XX Literatura infantil argentina -- Siglo XX Niños en la literatura Mercados en la literatura--
799 ## - LOCAL ADDED ENTRY--UNIFORM TITLE (RLIN)
Uniform title Legnazzi, Claudia, ilustradora
Existencias
Withdrawn status Lost status Materials specified (bound volume or other part) Damaged status Not for loan Collection code Home library Current library Date acquired Total Checkouts Full call number Barcode Date last seen Date last checked out Copy number Price effective from Koha item type
    Donación--24/08/2018--       Biblioteca Pública José María del Castillo y Rada Biblioteca Pública José María del Castillo y Rada 11/28/2019 2 C MONv 201808866 11/24/2025 11/24/2025 Ej.1 11/28/2019 Books